000 00812nam a2200253Ia 4500
003 OSt
005 20221005112532.0
006 a|||||r|||| 00| 0
007 ta
008 221004b |||||||| |||| 00| 0 pan d
020 _c100
024 _a5549
037 _b730, 27/06/2013, H.K. Prakashan
_cTextual
040 _aCRL
_cCRL
_bpan
041 _2pan
_apan
082 _aNW44Q7wN26, 153P4
100 _aਚੁਫ਼ਤਾਈ, ਤੌਕੀਰ
245 0 _aਨੂਰ ਜਹਾਂ
260 _aਚੰਡੀਗੜ
_bਲੋਕਗੀਤ ਭਾਰਤ
_c2004
300 _a79ਪੰ
_ccm.
650 _aਵਧੀਆ ਕਲਾ
_9156314
942 _hNW44Q7wN26, 153P4
_cTEXL
_2cc
999 _c1025193
_d1025193